Statystyki dla Piłkarskie Kluby z Europy

Kliknij tutaj aby rozwiązać quiz!

Ogólne statystyki

  • Ten quiz został rozwiązany 1 313 razy
  • Średni wynik to 6 z 10

Statystyki odpowiedzi

PytanieOdpowiedź% Poprawnych
Ten klub ma Katarskich właścicieli i odstaje budżetem od innych klubów z ligi.Paris Saint-Germain
91%
Klub, który zdobył 1 raz Ligę Mistrzów, w 2003 roku kupił go rosyjski przedsiębiorca.Chelsea F.C.
76%
W tym klubie Krzysztof Piątek zrobił furorę.Genoa CFC
75%
Klub, który przez poślizgnięcie się jednego z zawodników nie zdobył mistrzostwa.Liverpool FC
73%
Najbardziej utytułowana drużyna w Holandii.Ajax Amsterdam
70%
Drugi największy klub z Turynu po Juventusie.Torino FC
70%
Drużyna, która kupuje w większości piłkarzy z kraju Basków.Athletic Bilbao
42%
Klub z siedzibą w północnym Londynie, w dzielnicy Holloway.Arsenal F.C.
31%
Kobieca część tego klubu kolejny raz wygrała Kobiecą Ligę Mistrzów w tym sezonie.Olympique Lyon
31%
Klub z rodzimego podwórka z przydomkiem "Śledzie".Arka Gdynia
12%

Rozkład punktacji

Percentyl według liczby udzielonych odpowiedzi

Procent ludzi z każdym wynikiem

Twoja historia wyników

Nie rozwiązałeś tego quizu